000 00212nam a22000977a 4500
999 _c16271
_d16271
003 OSt
008 200629b ||||| |||| 00| 0 eng d
100 _aHumayun Kabir
_94661
245 _aIndia's Heritage
942 _cBK